Papel de las administraciones en la gestión empresarial de la innovación /

Manual que ofrece lineas de acción y de instrumentos, especialmente aptos para que las administraciones puedan ayudar a las empresas en la innovación, analizados y estructurados para que sea fácil su consulta. El contexto de este manuel son las empresas españolas.

שמור ב:
מידע ביבליוגרפי
פורמט: ספר
שפה:ספרדית
יצא לאור: Madrid, España : Fundación Cotec para la Innovación Tecnológica, 2004, c2004
סדרה:(Innovación Práctica. Perspectivas de futuro)
נושאים:
תגים: הוספת תג
אין תגיות, היה/י הראשונ/ה לתייג את הרשומה!

MARC

LEADER 00000nam^a2200000^a^4500
001 000184431
005 20250521000000.0
009 20260310102115.903
020 |a 84-95336-39-1 
037 |a Acervo ITESO - Biblioteca 
041 |a ESP 
082 |a 658. 406  |b PAP 
245 1 0 |a Papel de las administraciones en la gestión empresarial de la innovación / 
264 4 |a Madrid, España :  |b Fundación Cotec para la Innovación Tecnológica,  |c 2004, c2004 
300 |a 123 p. 
336 |a texto  |b txt  |2 rdacontenido 
337 |a sin mediación  |b n  |2 rdamedio 
338 |a volumen  |b nc  |2 rdasoporte 
440 1 |a (Innovación Práctica.  |p Perspectivas de futuro) 
520 |a Manual que ofrece lineas de acción y de instrumentos, especialmente aptos para que las administraciones puedan ayudar a las empresas en la innovación, analizados y estructurados para que sea fácil su consulta. El contexto de este manuel son las empresas españolas. 
649 |a XX 
650 |a Empresas -  |x Administración 
650 |a Industria -  |x Administración 
650 |a Tecnología -  |x Administración 
650 |a Tecnología -  |x Aspectos Económicos 
650 |a Competitividad 
650 |a Liderazgo 
650 |a Aprendizaje 
650 |a Formación y Capacitación Laboral 
650 |a Competencias (Educación) 
650 |a Recursos Humanos 
650 |a Cambio Organizacional 
650 |a Desarrollo Tecnológico 
650 |a Desarrollo Económico-Social 
650 |a Desarrollo Organizacional 
650 |a Economía 
650 |a Ciencias Administrativas 
910 |a Fondo General 
920 |a Impresos - Libros 
930 |a Colección General 
905 |a 101 
901 |a 0500125358  |b IT1  |c ACC  |u 20250521 
902 |a https://opac.biblio.iteso.mx/vufind/Record/000184431